000 00906nam a2200229Ia 4500
003 GCL
008 140319s9999 xx 000 0 ara d
040 _aGCL /
_cGCL
082 0 4 _a621.314
_bج د
100 1 _aجوتليب، ايرفينج
245 1 0 _aالدليل العملى للمحولات /
_cجوتليب، ايرفينج
260 _aالقاهرة :
_bدار الفاروق للنشر والتوزيع ،
_c2004
300 _a216 ص ؛
_c24 سم
490 _aتكنولوجيا الاليكترونيات
_v3
650 0 4 _aالمحولات الكهربية
650 0 4 _aالهندسة الكهربية
650 0 4 _aالدوائر الكهربائية
650 0 4 _aالمحولات الكهربائية - اختبار
650 0 4 _aالمحولات الكهربائية - تصميم
650 0 4 _aالمحولات الكهربائية - اجهزة القياس
942 _2ddc
_cBK
999 _c7213
_d7213